| 000 | 01134cab a2200277 4500 | ||
|---|---|---|---|
| 001 | WB3042-07 | ||
| 008 | 090401t1994 xxu||||| |||| 00| 0 eng d | ||
| 035 | _a(Sirsi) u76356 | ||
| 041 | _aeng | ||
| 245 | _aDelayed recovery | ||
| 260 | _c1994 | ||
| 350 | _a0 | ||
| 490 |
_aRICS Press Release _v(PR182/94comm) 7 November 1994 |
||
| 490 |
_aFinancial Times _v8 November 1994, 9(3) |
||
| 520 | _aGrowth in commercial property prices will not be as strong as previously thought, with the market likely to remain sluggish for the remainder of 1994 and 1995, nevertheless capital values are expected to rise by 9% this year and 2.6% next with steady growth from the end of 1995 according to figures from the RICS sponsored London Business School Commercial Property Model. | ||
| 650 | _aCAPITAL VALUES | ||
| 650 | _aCOMMERCIAL PROPERTY PRICES | ||
| 650 | _aFORECASTS | ||
| 650 | _aIPD MONTHLY INDEX | ||
| 650 | _aLBS / RICS COMMERCIAL PROPERTY MODEL | ||
| 650 | _aLONDON BUSINESS SCHOOL | ||
| 650 | _aRICS / LBS COMMERCIAL PROPERTY MODEL | ||
| 690 | _aPROPERTY-COMMERCIAL PROPERTY | ||
| 942 | _n0 | ||
| 948 | _c04/03/1997 | ||
| 999 |
_c48042 _d48042 |
||